000
00265nam a22001337a 4500
003
SGT
082
_a
512
_b
BHA
100
_a
BHATTACHARYA P.B.
245
_a
BASIC ABSTRACT ALGEBRA
250
_a
2ND
260
_a
CAMBRIDGE
_c
2017
300
_a
487
942
_2
ddc
_c
BK
999
_c
14242
_d
14242